| 000 | 01007nam a22002537a 4500 | ||
|---|---|---|---|
| 005 | 20170124103019.0 | ||
| 010 | _aA-768945 | ||
| 020 | _c70.00 | ||
| 035 | _aA-768945 | ||
| 037 | _bCen Lib/Ret | ||
| 040 |
_aDPL _bHN |
||
| 082 |
_aउ _bगुप्तह |
||
| 100 |
_aगुप्त, हरी कृष्ण दास _960037 |
||
| 245 |
_aनयी रोशनी / _cहरी कृष्ण दास गुप्त |
||
| 246 |
_aNayi roshni / _bby Hari Krishna Das Gupt |
||
| 260 |
_aदिल्ली _bसुन्दर साहित्य सदन _c1995 |
||
| 270 |
_bदिल्ली _e110006 _a882, गली बेरीवाला, बाज़ार सीता राम |
||
| 300 |
_a144पृ. _c17सेमी (सजिल्द) |
||
| 650 |
_aहिन्दी साहित्य _960038 |
||
| 650 |
_aउपन्यास _960039 |
||
| 650 |
_aHindi literature _960040 |
||
| 650 |
_aFiction _98901 |
||
| 942 |
_2ddc _cHN _hउ _mगुप्तह |
||
| 999 |
_c115134 _d115134 |
||